Manual of civil engineering plant and equipment: comprising full details and specifications of mechanical plant and...(2nd ed.) (Record no. 50283)

MARC details
000 -LEADER
fixed length control field 00591nam a2200145 a 4500
008 - FIXED-LENGTH DATA ELEMENTS--GENERAL INFORMATION
fixed length control field 120416s1971 ||||||||||||||||| || u
050 ## - LIBRARY OF CONGRESS CALL NUMBER
Classification number TA 213 Man
100 ## - MAIN ENTRY--PERSONAL NAME
Personal name Paxton, J. M
245 10 - TITLE STATEMENT
Title Manual of civil engineering plant and equipment: comprising full details and specifications of mechanical plant and...(2nd ed.)
Statement of responsibility, etc. edited by J. M. Paxton
250 ## - EDITION STATEMENT
Edition statement 2nd ed.
260 ## - PUBLICATION, DISTRIBUTION, ETC.
Place of publication, distribution, etc. London
Name of publisher, distributor, etc. Applied Science
Date of publication, distribution, etc. 1971
300 ## - PHYSICAL DESCRIPTION
Extent 1 vol. : ill.
350 ## - PRICE (NR) (BK AM CF MU VM SE) [OBSOLETE]
Price 0.00
995 ## - RECOMMENDATION 995 [LOCAL, UNIMARC FRANCE]
-- 0.00
-- CBU-MAIN LIBRARY (Kitwe)
-- 1
-- 25.00
-- 1
-- REFERENCE
-- Reference Collection
Holdings
Withdrawn status Lost status Source of classification or shelving scheme Damaged status Not for loan Home library Current library Shelving location Date acquired Total Checkouts Full call number Barcode Date last seen Price effective from Koha item type
          CBU-MAIN LIBRARY, KITWE. CBU-MAIN LIBRARY, KITWE.   11/30/2022   TA 213 Man 023144 11/30/2022 11/30/2022 MONOGRAPH